000 00545nam a2200181Ia 4500
001 14425
005 20260306164913.0
008 260306t1997||||xx |||||||||||||| ||spa||
041 _aESP
082 _a515
_bA64 V. 2
100 _aApostol, Tom M.
_eAUT
245 0 _aCalculus:
_bcálculo con funciones de varias variables y álgebra lineal, con aplicaciones a las ecuaciones diferenciales y a las probabilidades
260 _c1997
300 _axxii, 813 páginas :
_c22 cm.
650 _aGEN
654 _aCMA
942 _cLIB
_dJUS
_fJUS
_2ddc
_n
999 _c14425
_d14425